000 00295nam a22001337a 4500
008 171228b xxu||||| |||| 00| 0 eng d
020 _a9781887426824
041 _aeng
080 _a34
100 _a14
101 _aJUR
245 _aE-Z REVIEW FOR FAMILY LAW
_cRILEY,R.J
942 _2udc
_cBK
999 _c39560
_d39560